Welcome to CU Library Online Public Access Catalogue (OPAC)

Hermeneutics: (Record no. 3844)

MARC details
000 -LEADER
fixed length control field 00432nam a22001577a 4500
005 - DATE AND TIME OF LATEST TRANSACTION
control field 20250213172124.0
008 - FIXED-LENGTH DATA ELEMENTS--GENERAL INFORMATION
fixed length control field 250213b |||||||| |||| 00| 0 eng d
020 ## - INTERNATIONAL STANDARD BOOK NUMBER
International Standard Book Number 9780801020674
050 ## - LIBRARY OF CONGRESS CALL NUMBER
Classification number BS 476 VIR
Item number 1
100 ## - MAIN ENTRY--PERSONAL NAME
Personal name VIRKLER, A.Henry
245 ## - TITLE STATEMENT
Title Hermeneutics:
Remainder of title principles and processes of biblical interpretaions
260 ## - PUBLICATION, DISTRIBUTION, ETC.
Place of publication, distribution, etc. Michigan
Name of publisher, distributor, etc. BakerBooks
Date of publication, distribution, etc. 1981c
300 ## - PHYSICAL DESCRIPTION
Extent 263p
500 ## - GENERAL NOTE
General note appendix,Bib
942 ## - ADDED ENTRY ELEMENTS (KOHA)
Source of classification or shelving scheme Library of Congress Classification
Koha item type Books
Suppress in OPAC No
999 ## -
-- 3844
-- 3844
Holdings
Withdrawn status Lost status Source of classification or shelving scheme Damaged status Not for loan Collection Home library Current library Shelving location Date acquired Total checkouts Full call number Barcode Date last seen Copy number Price effective from Koha item type
    Library of Congress Classification     Non-fiction Graduate Library (Christ Temple) Graduate Library (Christ Temple) General stacks 02/13/2025   BS 476 VIR GSCT00000500 02/13/2025 1 02/13/2025 Books
    Library of Congress Classification     Non-fiction Undergraduate Library (Christ Temple) Undergraduate Library (Christ Temple) General stacks 06/10/2025   BS476 VIR ulct00003169 06/10/2025 1 06/10/2025 Books
    Library of Congress Classification     Non-fiction Undergraduate Library (Christ Temple) Undergraduate Library (Christ Temple) General stacks 06/16/2025   BS476 VIR ulct00003343 06/16/2025 1 06/16/2025 Books
    Library of Congress Classification     Non-fiction Undergraduate Library (Christ Temple) Undergraduate Library (Christ Temple) General stacks 06/16/2025   BS476 VIR ulct00003344 06/16/2025 2 06/16/2025 Books
© 2023-2024 Copyright: Central University Libraries. All Rights Reserved | Created by: Mahone Tech Office